Pokémon Games with Pokémon Names in the Title - Statistics

General Stats
  • This quiz has been taken 43 times
  • The average score is 5 of 8
Answer Stats
Pokémon Game % Correct
Eevee Pokémon: Let’s Go, Eevee!
86%
Arceus Pokémon Legends: Arceus
83%
Pikachu Pokémon: Let’s Go, Pikachu!
83%
Magikarp Pokémon: Magikarp Jump
64%
Pikachu Detective Pikachu
53%
Pikachu Hey You, Pikachu!
47%
Pikachu Detective Pikachu Returns
28%
Pikachu PokéPark Wii: Pikachu’s Adventure
25%
No matching quizzes found
Score Distribution
Percent of People with Each Score
Percentile by Number Answered
Your Score History
You have not taken this quiz